Statistics for American Stand-Up Comedians

Click here to take the quiz!

General Stats

  • This quiz has been taken 5,335 times
    (5,326 since last reset)
  • The average score is 16 of 27

Answer Stats

DatesClueAnswer% Correct
1954-NY sitcom about nothing.Jerry Seinfeld
93%
1958-Sitcom, daytime talk show, lesbian.Ellen DeGeneres
86%
1950-The chin. Tonight Show.Jay Leno
85%
1951-2014Improvisational comic. Mork. Mrs. Doubtfire.Robin Williams
84%
1937-"I Spy." Family sitcom. Jello. Fat Albert. Scandal.Bill Cosby
75%
1925-2005Tonight Show host from 1962 to 1992.Johnny Carson
74%
1947-Late Night. Late Show. Indiana.David Letterman
69%
1958-Cleveland. TV series in office. "Whose Line"Drew Carey
69%
1955-Dreadlocks. Star Trek TNG. The View.Whoopi Goldberg
69%
1965-Red-haired prop comic.Carrot Top
67%
1945-Wild & crazy. Banjo. "The Jerk."Steve Martin
67%
1958-May be a redneck. Smarter than a 5th grader.Jeff Foxworthy
64%
1921-2004Gets no respect.Rodney Dangerfield
64%
1937-2008Seven Dirty Words. Hippie-dippie-weatherman. Bearded.George Carlin
62%
1952-Female. Lowbrow family sitcom. Star Spangled Banner.Roseanne Barr
61%
1957-Italian-American. Family sitcom. Ice Age.Ray Romano
60%
1933-2014Brash New Yorker. Plastic surgery. "Can we talk?"Joan Rivers
58%
1903-2003"Thanks for the Memories." "Road" movies. USO shows.Bob Hope
57%
1935-Neurotic Jewish comic, writer, director. "Sleeper"Woody Allen
54%
1896-1996!Cigar. Gracie. Oh, God.George Burns
49%
1929-Telephone sketches. 80s sitcom set in Vermont.Bob Newhart
39%
1926-2017King of the insult comics.Don Rickles
32%
1925-1966Pioneering blue comic. Convicted of obscenity.Lenny Bruce
30%
1908-2002"Mr. Television." Often in drag. Texaco Star Theater.Milton Berle
28%
1912-1996Female. Backwoodsy. Big hat with price tag.Minnie Pearl
28%
1913-1997Freddie the Freeloader. Clem Kadiddlehopper. TV variety show. Pantomimist.Red Skelton
25%
1894-1974Miserly character. Violin. Rochester. "Well."Jack Benny
24%

Score Distribution

Percentile by Number Answered

Percent of People with Each Score

Your Score History

You have not taken this quiz since the last reset